000 01478nam a2200397 i 4500
001 11170
003 KOSZ 005
005 20240405063005.0
008 071112s1965 pl a |000 0 pol
015 _aPB 1966/327
035 _a(OCoLC)838920145
040 _aWA N
_cWA N
_dKOSZ 005/HR
046 _k1965
080 _a378(438)
080 _a331-057.85(438)
100 1 _aGrzelak, Zdzisław.
_eAutor
245 1 0 _aZależność między studiami a pracą absolwentów szkół wyższych /
_cZdzisław Grzelak ; [przedm. J. Szczepański].
260 _aWarszawa :
_bPaństwowe Wydawnictwo Naukowe,
_c1965.
300 _a165 s. :
_bil. ;
_c23 cm.
380 _aKsiążki.
388 _a1901-2000
490 1 _aMonografie i Studia / Ministerstwo Szkolnictwa Wyższego. Międzyuczelniany Zakład Badań nad Szkolnictwem Wyższym.
500 _aPowiel.
504 _aBibliogr.
650 4 _aAbsolwenci szkół wyższych
658 _aSocjologia i społeczeństwo
650 4 _aPraca
650 4 _aSocjologia
648 4 _a1901-2000
651 4 _aPolska
648 4 _a1945-1989
700 1 _aSzczepański, Jan
_d(1913-2004).
_eWstęp
830 0 _aMonografie i Studia - Ministerstwo Szkolnictwa Wyższego. Międzyuczelniany Zakład Badań nad Szkolnictwem Wyższym.
856 _uhttp://koha.tu.koszalin.pl/cgi-bin/koha/opac-detail.pl?biblionumber=11170
_yKatalog online BPK
942 _2UKD
_cKS
999 _c11170
_d11170